The Mongolian People's Republic : Toward a Market Economy /

This paper is based on an IMF staff report prepared in connection with the application of the Mongolian People's Republic (Mongolia) for membership in the International Monetary Fund. It reviews Mongolia's political and economic history, highlighting its changing economic structure followi...

Full description

Bibliographic Details
Main Author: Sukachevin, Padej
Other Authors: Leimone, John, Milne, Elizabeth, Rozwadowski, F.
Format: Journal
Language:English
Published: Washington, D.C. : International Monetary Fund, 1991.
Series:Occasional Papers; Occasional Paper ; No. 1991/006
Online Access:Full text available on IMF
LEADER 01565cas a2200277 a 4500
001 AALejournalIMF015754
008 230101c9999 xx r poo 0 0eng d
020 |c 15.00 USD 
020 |z 9781557752079 
022 |a 0251-6365 
040 |a BD-DhAAL  |c BD-DhAAL 
100 1 |a Sukachevin, Padej. 
245 1 4 |a The Mongolian People's Republic :   |b Toward a Market Economy /  |c Padej Sukachevin, John Leimone, F. Rozwadowski, Elizabeth Milne. 
264 1 |a Washington, D.C. :  |b International Monetary Fund,  |c 1991. 
300 |a 1 online resource (89 pages) 
490 1 |a Occasional Papers 
500 |a <strong>Off-Campus Access:</strong> No User ID or Password Required 
500 |a <strong>On-Campus Access:</strong> No User ID or Password Required 
506 |a Electronic access restricted to authorized BRAC University faculty, staff and students 
520 3 |a This paper is based on an IMF staff report prepared in connection with the application of the Mongolian People's Republic (Mongolia) for membership in the International Monetary Fund. It reviews Mongolia's political and economic history, highlighting its changing economic structure following World War II and its recent efforts to introduce market mechanisms. 
538 |a Mode of access: Internet 
700 1 |a Leimone, John. 
700 1 |a Milne, Elizabeth. 
700 1 |a Rozwadowski, F. 
830 0 |a Occasional Papers; Occasional Paper ;  |v No. 1991/006 
856 4 0 |z Full text available on IMF  |u http://elibrary.imf.org/view/books/084/07178-9781557752079-en/07178-9781557752079-en-book.xml  |z IMF e-Library